Statistics for Countries Closest to Sweden - 15 Second Sprint

Click here to take the quiz!

General Stats

  • This quiz has been taken 61 times
  • The average score is 7 of 20

Answer Stats

kmcountrymiles% Correct
0Norway0
100%
0Finland0
90%
4Denmark2
88%
72Germany45
71%
208Russia129
69%
154Poland96
44%
685United Kingdom426
38%
150Estonia93
35%
144Latvia89
35%
776France482
27%
433Netherlands269
23%
195Lithuania121
21%
515Belarus320
13%
658Belgium409
13%
732Luxembourg455
4%
480Czechia298
2%
710Austria441
0%
846Hungary525
0%
718Slovakia446
0%
694Ukraine431
0%

Score Distribution

Percentile by Number Answered

Percent of People with Each Score

Your Score History

You have not taken this quiz